A comparison of Japanese and U.S. financial reporting practices

Đã lưu trong:
Bibliografiske detaljer
Format: Bog
Sprog:Undetermined
Udgivet: Tokyo Peat, Marwick 1983
Tags: Tilføj Tag
Ingen Tags, Vær først til at tagge denne postø!
Thư viện lưu trữ: Trung tâm Học liệu Trường Đại học Cần Thơ
LEADER 00439nam a2200157Ia 4500
001 CTU_77488
008 210402s9999 xx 000 0 und d
082 |a 658.1 
082 |b C736 
245 2 |a A comparison of Japanese and U.S. financial reporting practices 
245 0 |c Marwick Peat 
260 |a Tokyo 
260 |b Peat, Marwick 
260 |c 1983 
904 |i Trọng Hải 
980 |a Trung tâm Học liệu Trường Đại học Cần Thơ